000 00463nam a2200181Ia 4500
001 20623
005 20260306172819.0
008 260306t2020||||xx |||||||||||||| ||spa||
041 _aESP
082 _a343.6
_bA49I
100 _aÁlvarez Pedroza, Alejandro
_eAUT
245 0 _aInfracciones y sanciones en las contrataciones del estado
260 _c2020
300 _a335 páginas :
_c24 cm.
650 _aGEN
654 _aCDE
942 _cLIB
_dJUS
_fJUS
_2ddc
_n
999 _c20623
_d20623